50 Biggest Cities in Arizona - Statistics

General Stats
  • This quiz has been taken 31 times
  • The average score is 22 of 50
Answer Stats
# Pop. Answer % Correct
3 515,486 Mesa
100%
1 1,675,144 Phoenix
100%
7 246,068 Scottsdale
100%
2 550,306 Tucson
100%
18 76,246 Flagstaff
95%
6 257,125 Glendale
95%
5 279,569 Gilbert
90%
9 192,838 Tempe
90%
14 103,070 Yuma
90%
4 282,048 Chandler
86%
10 167,537 Surprise
76%
22 60,511 Lake Havasu City
71%
8 203,252 Peoria
62%
15 96,196 Avondale
57%
12 119,007 Buckeye
57%
11 121,116 Goodyear
57%
17 79,134 Maricopa
52%
27 44,509 Bullhead City
48%
20 70,156 Casa Grande
48%
26 48,891 Prescott
48%
33 36,958 Kingman
43%
25 49,037 Oro Valley
43%
31 37,810 Sun City
43%
29 42,766 Apache Junction
38%
45 19,669 Nogales
38%
23 52,097 Prescott Valley
38%
38 23,435 Fountain Hills
33%
21 62,302 Marana
33%
16 87,006 Queen Creek
33%
13 106,179 San Tan Valley
33%
28 43,792 Sierra Vista
33%
24 50,517 Catalina Foothills
29%
40 22,257 Florence
29%
30 39,551 San Luis
29%
44 20,428 Eloy
24%
43 20,824 Green Valley
24%
37 27,165 Sun City West
24%
42 21,531 Coolidge
19%
48 16,955 Payson
19%
39 22,960 Anthem
14%
32 37,689 Sahuarita
14%
19 70,698 Casas Adobes
10%
34 35,780 El Mirage
10%
36 27,874 Fortuna Foothills
10%
35 30,880 Drexel Heights
5%
50 16,456 Fort Mohave
5%
46 19,290 New River
5%
41 22,068 Rio Rico
5%
47 17,380 Flowing Wells
0%
49 16,508 Vail
0%
No matching quizzes found
Score Distribution
Percent of People with Each Score
Percentile by Number Answered
Your Score History
You have not taken this quiz